书目信息 |
| 题名: |
高考志愿制胜技巧
|
|
| 作者: | 张艺执 著 | |
| 分册: | ||
| 出版信息: | 北京 人民出版社 2014 |
|
| 页数: | 16,252页 | |
| 开本: | 21cm | |
| 丛书名: | ||
| 单 册: | ||
| 中图分类: | G647.32 | |
| 科图分类: | ||
| 主题词: | 高等学校--招生--介绍--中国 , 毕业生--高考--升学参考资料 , 高等学校 , 招生 , 毕业生 | |
| 电子资源: | ||
| ISBN: | 978-7-01-013108-5 | |
| 000 | 01180nam0 2200301 450 | |
| 001 | 012001002970 | |
| 005 | 20130124161225.0 | |
| 010 | @a978-7-01-013108-5@dCNY28.00 | |
| 090 | @aG647@bzyz | |
| 100 | @a20140429d2014 em y0chiy50 ea | |
| 101 | 0 | @achi |
| 102 | @aCN@b110000 | |
| 105 | @ay z 000yy | |
| 106 | @ar | |
| 200 | 1 | @a高考志愿制胜技巧@9gao kao zhi yuan zhi sheng ji qiao@f张艺执著 |
| 210 | @a北京@c人民出版社@d2014 | |
| 215 | @a16,252页@d21cm | |
| 300 | @a全国通用2014年版 | |
| 330 | @a本书分两篇,释疑解惑篇通过365个问答,简明扼要地介绍了许多考生和家长急于知道、了解、掌握的填报高考志愿的基础性、常识性知识;专题指导篇围绕家长如何助推考生高考、高考志愿如何填得好报得巧、如何让高考咨询“有的放矢”、如何巧用高校招生章程和录取规则、如何正确认识和有效化解平行志愿风险、如何根据体检结果准确填报志愿、艺术类考生如何扬长避短等专题,对考生和家长进行了细致、贴心的指导。 | |
| 606 | 0 | @a高等学校@x招生@x介绍@y中国 |
| 606 | 0 | @a毕业生@x高考@j升学参考资料 |
| 606 | 0 | @a高等学校 |
| 606 | 0 | @a招生 |
| 606 | 0 | @a毕业生 |
| 690 | @aG647.32@v5 | |
| 701 | 0 | @a张艺执@9zhang yi zhi@4著 |
| 801 | 0 | @aCN@b江苏凤凰@c20191020 |
| 905 | @b1216854-7@dG647.32@e1210@f4 | |
| 高考志愿制胜技巧/张艺执著.-北京:人民出版社,2014 |
| 16,252页;21cm |
| 全国通用2014年版 |
| ISBN 978-7-01-013108-5:CNY28.00 |
| 本书分两篇,释疑解惑篇通过365个问答,简明扼要地介绍了许多考生和家长急于知道、了解、掌握的填报高考志愿的基础性、常识性知识;专题指导篇围绕家长如何助推考生高考、高考志愿如何填得好报得巧、如何让高考咨询“有的放矢”、如何巧用高校招生章程和录取规则、如何正确认识和有效化解平行志愿风险、如何根据体检结果准确填报志愿、艺术类考生如何扬长避短等专题,对考生和家长进行了细致、贴心的指导。 |
| ● |
| 相关链接 |
|
|
|
|
正题名:高考志愿制胜技巧
索取号:G647.32/1210
 
预约/预借
| 序号 | 登录号 | 条形码 | 馆藏地/架位号 | 状态 | 备注 |
| 1 | 1216854 | 212168544 | 第一样本阅览室/ [索取号:G647.32/1210] | 在馆 | |
| 2 | 1216855 | 212168553 | 教育系资料室/ [索取号:G647.32/1210] | 在馆 | |
| 3 | 1216856 | 212168562 | 教育系资料室/ [索取号:G647.32/1210] | 在馆 | |
| 4 | 1216857 | 212168571 | 第四借阅区/ [索取号:G647.32/1210] | 在馆 |